Opera omnia / Johannis Pujol ... ; nunc primum in lucem edita cura et studio Hyginii Anglès...
Descripción Física:
2 v. ; 26 cm
Otros Autores:
Anglès, Higini, 1888-1969
MARC
| LEADER | 00000nam a2200000Ia 4500 | ||
|---|---|---|---|
| 001 | 9910, 13870 | ||
| 008 | 160829s1926 - 1932 xx 000 0 cat d | ||
| 080 | |a B-1-79, B-1-414 | ||
| 100 | |a Pujol, Joan Pau |9 33975 | ||
| 245 | |a Opera omnia / Johannis Pujol ... ; nunc primum in lucem edita cura et studio Hyginii Anglès... | ||
| 260 | |a Barcelona : |b Institut d'Estudis Catalans : |b Biblioteca de Catalunya, |c 1926 - 1932 | ||
| 300 | |a 2 v. ; |c 26 cm | ||
| 490 | |a Publicaciones del Departamento de Música (Biblioteca de Cataluña) ; 3 i 7 | ||
| 590 | |a Conté partitures musicals | ||
| 600 | 0 | |a Pujol, Joan Pau |9 33975 | |
| 650 | |a Música sacra |x Catalunya |x S. XVII |9 33977 | ||
| 700 | |a Anglès, Higini, |d 1888-1969 |9 26341 | ||
| 710 | 2 | |a Institut d'Estudis Catalans |9 52284 | |
| 710 | 1 | |a Biblioteca de Catalunya |9 52741 | |
| 866 | |a Conté: v. 1: In festo Beati Georgii; v. 2: In festo Beati Georgii : Officium et Missa | ||
| 901 | |a Arxiu | ||
| 942 | |n 1 | ||
| 952 | |0 0 |1 0 |4 0 |6 B179_B1414 |7 1 |9 46328 |a Arxiu |b Arxiu |d 2016-12-01 |l 0 |o B-1-79, B-1-414 |p 9910, 13870 |r 2016-12-01 00:00:00 |w 2016-12-01 |y ARXIU | ||
| 999 | |c 50113 |d 50113 | ||